ბათუმის შოთა რუსთაველის სახელმწიფო უნივერსიტეტის ბიბლიოთეკა

ართვინი და ართვინის რეგიონი - წარსული და თანამედროვეობა : (ბიბ.ჩანაწერი № 63207)

000 -ლიდერი
ფიქსირებული სიგრძის საკონტროლო ველი 04179nam a22003977a 4500
003 - საკონტროლო ნომრის იდენტიფიკატორი
საკონტროლო ველი Ge_BSU
005 - ბოლო ოპერაციის თარიღი და დრო
საკონტროლო ველი 20250627125636.0
008 - ფიქსირებული სიგრძის მონაცემთა ელემენტები - ზოგადი ინფორმაცია
ფიქსირებული სიგრძის საკონტროლო ველი 250627s2022 ge ||||| |||| 00| 0 geo d
020 ## - წიგნის საერთაშორისო სტანდარტული ნომერი
International Standard Book Number 9789941495809
041 ## - ენის კოდი
Language code of text/sound track or separate title geo
080 ## - უნივერსალური ათობითი კლასიფიკაციის ინდექსი
Universal Decimal Classification number 94(560-21) ა-80
245 ## - ცნობა სათაურის შესახებ
Title ართვინი და ართვინის რეგიონი - წარსული და თანამედროვეობა :
Remainder of title ისტორიულ-ფილოლოგიური ნარკვევები /
Statement of responsibility, etc აკაკი წერეთლის სახელმწიფო უნივერსიტეტი, ჰუმანიტარულ მეცნიერებათა ფაკულტეტი, ისტორია-არქეოლოგიის დეპარტამენტი, ქართული ფილოლოგიის დეპარტამენტი, ქართველოლოგიის სამეცნიერო-კვლევითი ცენტრი; რედაქტორები: როინ ყავრელიშვილი, ეკა დადიანი; წინასიტყვაობა ავთანდილ ნიკოლეიშვილი.
264 ## - წარმოების, გამოცემის, დისტრიბუციის და სხვა ცნობები
გამოცემის, წარმოების, დისტრიბუციის... ადგილი ქუთაისი :
გამოცემის, წარმოების, დისტრიბუციის... სახელწოდება აკაკი წერეთლის სახელმწ. უნივერსიტეტის გამომცემლობა,
გამოცემის, წარმოების, დისტრიბუციის... თარიღი 2022.
300 ## - ფიზიკური აღწერა
Extent 422 გვ. ;
Other physical details 25 სმ.
500 ## - ზოგადი შენიშვნა
General note თავფურცლის მე-3 გვერდი ინგლისურ და თურქულ ენებზე.
რეზიუმე ინგლისურ ენაზე.
501 ## - შენიშვნა თანმხლებ მასალაზე
With note წიგნი დაიბეჭდა ქალაქ ქუთაისის მუნიციპალიტეტის მერიის ფინანსური მხარდაჭერით.
504 ## - BIBLIOGRAPHY, ETC. NOTE
Bibliography, etc ბიბლიოგრაფია ტექსტის შენიშვნებში.
653 ## - INDEX TERM--UNCONTROLLED
Uncontrolled term საქართველოს ქალაქების ისტორია
653 ## - INDEX TERM--UNCONTROLLED
Uncontrolled term თურქეთის ქალაქების ისტორია
653 ## - INDEX TERM--UNCONTROLLED
Uncontrolled term ქალაქი ართვინი
653 ## - INDEX TERM--UNCONTROLLED
Uncontrolled term საქართველო-თურქეთის ურთიერთობების ისტორია
653 ## - INDEX TERM--UNCONTROLLED
Uncontrolled term საქართველო-რუსეთის ურთიერთობების ისტორია
700 ## - ADDED ENTRY--PERSONAL NAME
Personal name ნიკოლეიშვილი, ავთანდილ
Relator term ავტორი, წინასიტყვაობის ავტორი
9 (RLIN) 296
700 ## - ADDED ENTRY--PERSONAL NAME
Personal name კუპრაშვილი, სულხან
Relator term ავტორი
9 (RLIN) 25548
700 ## - ADDED ENTRY--PERSONAL NAME
Personal name ჭუმბურიძე, სოფიკო
Relator term ავტორი
9 (RLIN) 25549
700 ## - ADDED ENTRY--PERSONAL NAME
Personal name ბასილაძე, იმერი
Relator term ავტორი
9 (RLIN) 4917
700 ## - ADDED ENTRY--PERSONAL NAME
Personal name გვეტაძე, ომარ
Relator term ავტორი
9 (RLIN) 25550
700 ## - ADDED ENTRY--PERSONAL NAME
Personal name გულუა, ნატალია
Relator term ავტორი.
9 (RLIN) 25551
700 ## - ADDED ENTRY--PERSONAL NAME
Personal name გუმბერიძე, თენგიზ
Relator term ავტორი
9 (RLIN) 25552
700 ## - ADDED ENTRY--PERSONAL NAME
Personal name დადიანი, ეკა
Relator term ავტორი, რედაქტორი
9 (RLIN) 9743
700 ## - ADDED ENTRY--PERSONAL NAME
Personal name დვალიშვილი, ლუკა
9 (RLIN) 18650
700 ## - ADDED ENTRY--PERSONAL NAME
Personal name გაჩეჩილაძე, ეკატერინე
Relator term ავტორი
9 (RLIN) 25553
700 ## - ADDED ENTRY--PERSONAL NAME
Personal name ვაჭრიძე, გოდერძი და სხვ.
Relator term ავტორი
9 (RLIN) 25554
710 ## - ADDED ENTRY--CORPORATE NAME
Corporate name or jurisdiction name as entry element აკაკი წერეთლის სახელმწიფო უნივერსიტეტი.
Subordinate unit ჰუმანიტარულ მეცნიერებათა ფაკულტეტი. ისტორია-არქეოლოგიის დეპარტამენტი. ქართული ფილოლოგიის დეპარტამენტი. ქართველოლოგიის სამეცნიერო-კვლევითი ცენტრი.
9 (RLIN) 25555
942 ## - ADDED ENTRY ELEMENTS (KOHA)
Source of classification or shelving scheme
Koha item type წიგნი
ეგზემპლარები
ჩამოწერის სტატუსი დაკარგული ეგზემპლარის სტატუსი კლასიფიკაციის წყარო ან თაროზე გაწყობის სქემა დაზიანების სტატუსი არ გაიცემა მუდმივი მდებარეობა (დაცვის ადგილი) ამჟამინდელი ადგილსამყოფელი თაროზე განთავსების ადგილი შეძენის თარიღი ღირებულება, შესყიდვის ნორმალური ფასი სრული შენახვის შიფრი შტრიხკოდი ბოლო ოპერაციის თარიღი ეგზემპლარის მიმდევრობითი ნომერი (კეტერი?) Uniform Resource Identifier ფასის ძალაში შესვლის თარიღი ეგზემპლარის სახეობა საჯარო შენიშვნა
          ბათუმის შოთა რუსთაველის სახელმწიფო უნივერსიტეტის მთავარი ბიბლიოთეკა ბათუმის შოთა რუსთაველის სახელმწიფო უნივერსიტეტის მთავარი ბიბლიოთეკა წიგნსაცავი 2025-06-27 15.00 94(560-21) ა-80 71990 2025-06-27 71990 ნაჩუქარი 2025-06-27 წიგნი 15 ლ.